000 00697cam a2200169 a 4500
020 _a0387968180
082 0 0 _a004.22
_bLEC
_cL-02, P-177
245 1 0 _aVLSI algorithms and architectures :
_b3rd Aegean Workshop on Computing, AWOC 88, Corfu, Greece, June 28-July 1, 1988 : proceedings /
_cJ.H. Reif (ed.).
260 _aBerlin ;
_aNew York :
_bSpringer-Verlag,
_cc1988.
300 _ax, 476 p. :
_bill. ;
_c25 cm.
526 _a0
_b0
_c0
_d004_220000000000000_LEC
650 0 _aAlgorithms
_xCongresses.
_936567
650 0 _aComputer architecture
_xCongresses.
_936568
650 0 _aIntegrated circuits
_xVery large scale integration
_xCongresses.
_936569
700 1 _aReif, J. H.
_936570
942 _2ddc
_cBK
999 _c541595
_d541595